Chemical sterilization (Record no. 24985)

MARC details
000 -LEADER
fixed length control field 00298nam a2200121Ia 4500
082 ## - DEWEY DECIMAL CLASSIFICATION NUMBER
Classification number 614.48
Item number BOR
245 #0 - TITLE STATEMENT
Title Chemical sterilization
260 ## - PUBLICATION, DISTRIBUTION, ETC. (IMPRINT)
Place of publication Pennsylvania
Name of publisher Dowden
Year of publication 1973
650 ## - SUBJECT ADDED ENTRY--TOPICAL TERM
Topical Term Sterilization
700 ## - ADDED ENTRY--PERSONAL NAME
Personal name Borick, Paul M
942 ## - ADDED ENTRY ELEMENTS (KOHA)
Koha item type Books
Holdings
Withdrawn status Lost status Damaged status Not for loan Home library Current library Date acquired Cost, normal purchase price Full call number Accession Number Koha item type
        RRII Library RRII Library 16/12/2021 18.00 614.48 BOR 05649 Books